Catálogo público

Normal view MARC view

Entry Nombre de reunión

Number of records used in: 1

001 - NÚMERO DE CONTROL

  • campo de control: 39058

003 - IDENTIFICADOR DEL NÚMERO DE CONTROL

  • campo de control: OSt

005 - FECHA Y HORA DE LA ÚLTIMA TRANSACCIÓN

  • campo de control: 20220127112046.0

008 - DATOS DE LONGITUD FIJA

  • campo de control de longitud fija: 100526|| aznnnabb| un and |u

040 ## - FUENTE DE LA CATALOGACIÓN

  • Centro catalogador/agencia de origen: OSt
  • Centro/agencia transcriptor: OSt

111 2# - ENCABEZAMIENTO--NOMBRE DE CONGRESO/REUNIÓN

  • Nombre de congreso/reunión o jurisdicción como elemento de entrada: Experiencias de los extensionistas y asesores técnicos de la red de alto rendimiento en el desarrollo rural en México(
  • Número del congreso/reunión o número de parte o sección: 4:
  • Fecha del congreso/reunión: 2000:
  • Sede del congreso/Lugar de la reunión: México, D. F.)